[Event "HUN-POL friendly, women"]
[Site "Budapest"]
[Date "2014.06.11"]
[Round "4.3"]
[White "Gara, Ticia"]
[Black "Bartel, Marta"]
[Result "0-1"]
[WhiteElo "2327"]
[BlackElo "2312"]
[PlyCount "76"]
[EventDate "2014.06.08"]
[EventType "team-schev"]
[EventRounds "6"]
[EventCountry "HUN"]
[WhiteTeam "Hungary"]
[BlackTeam "Poland"]
[WhiteTeamCountry "HUN"]
[BlackTeamCountry "POL"]

1. e4 c5 2. Nf3 Nc6 3. d4 cxd4 4. Nxd4 Nf6 5. Nc3 d6 6. Bg5 Qb6 7. Nb3 e6 8.
Qd2 a6 9. O-O-O Be7 10. f3 Qc7 11. g4 b5 12. Be3 Ne5 13. Nd4 Bb7 14. Bd3 Nxd3+
15. Qxd3 b4 16. Nce2 O-O 17. Kb1 Rfc8 18. h4 d5 19. exd5 Nxd5 20. Bc1 Rd8 21.
f4 Rac8 22. Rhf1 Nf6 23. g5 Be4 24. Qb3 Bd5 25. Qe3 Ne4 26. b3 a5 27. Bb2 a4
28. Rc1 Qa7 29. c4 bxc3 30. Nxc3 axb3 31. axb3 Bxb3 32. Qxe4 Rxd4 33. Qe3 Bc5
34. Qe5 Rd2 35. Na4 Rxb2+ 36. Kxb2 Bxa4 37. Rc4 Rb8+ 38. Kc1 Be3+ 0-1

[Event "HUN-POL friendly, women"]
[Site "Budapest"]
[Date "2014.06.11"]
[Round "4.4"]
[White "Madl, Ildiko"]
[Black "Socko, Monika"]
[Result "0-1"]
[WhiteElo "2328"]
[BlackElo "2463"]
[PlyCount "60"]
[EventDate "2014.06.08"]
[EventType "team-schev"]
[EventRounds "6"]
[EventCountry "HUN"]
[WhiteTeam "Hungary"]
[BlackTeam "Poland"]
[WhiteTeamCountry "HUN"]
[BlackTeamCountry "POL"]

1. e4 c5 2. Nf3 Nc6 3. d4 cxd4 4. Nxd4 g6 5. c4 Nf6 6. Nc3 Nxd4 7. Qxd4 d6 8.
Bg5 Bg7 9. Qd2 O-O 10. Bd3 a5 11. b3 a4 12. b4 Be6 13. Rc1 a3 14. O-O Qb6 15.
Nb5 Rfc8 16. Be3 Qd8 17. f3 Nd7 18. Nd4 Bxd4 19. Bxd4 Ne5 20. Bxe5 dxe5 21.
Rfd1 Qd4+ 22. Kf1 Rxc4 23. Bxc4 Bxc4+ 24. Rxc4 Qxc4+ 25. Kf2 Ra6 26. Qh6 Qxa2+
27. Kg3 Rd6 28. Rc1 Rd8 29. Rc7 Qb2 30. Rxe7 Rf8 0-1

[Event "HUN-POL friendly, women"]
[Site "Budapest"]
[Date "2014.06.11"]
[Round "4.5"]
[White "Szczepkowska Horowska, Karina"]
[Black "Vajda, Szidonia"]
[Result "1-0"]
[WhiteElo "2377"]
[BlackElo "2352"]
[PlyCount "55"]
[EventDate "2014.06.08"]
[EventType "team-schev"]
[EventRounds "6"]
[EventCountry "HUN"]
[WhiteTeam "Poland"]
[BlackTeam "Hungary"]
[WhiteTeamCountry "POL"]
[BlackTeamCountry "HUN"]

1. e4 e5 2. Nf3 Nc6 3. Bc4 Bc5 4. c3 Nf6 5. d4 exd4 6. e5 d5 7. Be2 Ne4 8. cxd4
Bb4+ 9. Bd2 Nxd2 10. Nbxd2 Bg4 11. O-O O-O 12. Nb3 f6 13. a3 Be7 14. Re1 fxe5
15. dxe5 Qd7 16. Rc1 Nd8 17. Nfd4 Bxe2 18. Qxe2 c6 19. Rc3 Ne6 20. Qg4 Nc5 21.
e6 Qc7 22. Nxc5 Rf4 23. Qd1 Rxf2 24. Kxf2 Qxh2 25. Nf3 Rf8 26. Rg1 Bh4+ 27. Ke2
Qg3 28. Qe1 1-0

[Event "HUN-POL friendly, women"]
[Site "Budapest"]
[Date "2014.06.11"]
[Round "4.6"]
[White "Kulon, Klaudia"]
[Black "Rudolf, Anna"]
[Result "1-0"]
[WhiteElo "2344"]
[BlackElo "2297"]
[PlyCount "91"]
[EventDate "2014.06.08"]
[EventType "team-schev"]
[EventRounds "6"]
[EventCountry "HUN"]
[WhiteTeam "Poland"]
[BlackTeam "Hungary"]
[WhiteTeamCountry "POL"]
[BlackTeamCountry "HUN"]

1. c4 e6 2. g3 d5 3. Bg2 Nf6 4. Nf3 Be7 5. O-O O-O 6. d4 dxc4 7. Qc2 a6 8. Qxc4
b5 9. Qc2 Bb7 10. Bd2 Be4 11. Qc1 Nc6 12. e3 b4 13. Ne5 Nxe5 14. dxe5 Bxg2 15.
exf6 Bxf1 16. fxe7 Qxe7 17. Qxf1 Qf6 18. Bxb4 Qxb2 19. Bc3 Qc2 20. Qc4 Rfd8 21.
Na3 Qf5 22. Rc1 c5 23. Kg2 Rd6 24. e4 Qg5 25. Rb1 Rad8 26. Nc2 h5 27. Ne1 Qg4
28. h3 Qg6 29. Nf3 Rd3 30. Re1 h4 31. g4 Qh6 32. Be5 Ra3 33. Bb2 Rad3 34. Bc1
Qf6 35. Be3 Qc3 36. Qxc5 Qb2 37. Qh5 Qb4 38. Qe5 Re8 39. Re2 Qc4 40. Re1 Qxa2
41. Qh5 Qb2 42. Ng5 Rb8 43. Qxf7+ Kh8 44. Qh5+ Kg8 45. Bc5 Rg3+ 46. Kh2 1-0

[Event "HUN-POL friendly, women"]
[Site "Budapest"]
[Date "2014.06.12"]
[Round "5.1"]
[White "Bartel, Marta"]
[Black "Papp, Petra"]
[Result "1-0"]
[WhiteElo "2312"]
[BlackElo "2296"]
[PlyCount "55"]
[EventDate "2014.06.08"]
[EventType "team-schev"]
[EventRounds "6"]
[EventCountry "HUN"]
[WhiteTeam "Poland"]
[BlackTeam "Hungary"]
[WhiteTeamCountry "POL"]
[BlackTeamCountry "HUN"]

1. d4 Nf6 2. c4 g6 3. Nc3 d5 4. cxd5 Nxd5 5. Bd2 Nb6 6. Nf3 Bg7 7. Bf4 O-O 8.
e3 c5 9. dxc5 Bxc3+ 10. bxc3 Qxd1+ 11. Rxd1 N6d7 12. Bh6 Re8 13. Bb5 a6 14. Ba4
e5 15. Ng5 Nc6 16. Ne4 f6 17. Rxd7 Bxd7 18. Nxf6+ Kf7 19. Nxd7 Rad8 20. Nb6 e4
21. Bb3+ Kf6 22. Nd5+ Kf5 23. g4+ Kxg4 24. Nf6+ Kh3 25. Rg1 Kxh2 26. Kf1 g5 27.
Bxg5 Rf8 28. Bf4+ 1-0

[Event "HUN-POL friendly, women"]
[Site "Budapest"]
[Date "2014.06.12"]
[Round "5.2"]
[White "Rajlich, Iweta"]
[Black "Gara, Anita"]
[Result "1-0"]
[WhiteElo "2398"]
[BlackElo "2333"]
[PlyCount "91"]
[EventDate "2014.06.08"]
[EventType "team-schev"]
[EventRounds "6"]
[EventCountry "HUN"]
[WhiteTeam "Poland"]
[BlackTeam "Hungary"]
[WhiteTeamCountry "POL"]
[BlackTeamCountry "HUN"]

1. d4 d5 2. Nf3 c5 3. dxc5 e6 4. a3 Bxc5 5. e3 Nf6 6. b4 Bd6 7. Bb2 O-O 8. c4
dxc4 9. Bxc4 Qe7 10. Nbd2 e5 11. O-O Bg4 12. h3 Bh5 13. g4 Bg6 14. Nh4 Nbd7 15.
Nxg6 hxg6 16. g5 Ne8 17. Ne4 a5 18. h4 axb4 19. axb4 Rxa1 20. Bxa1 Bxb4 21. Qb3
Nc7 22. Rb1 Ba3 23. Qd3 b6 24. Rd1 Nb8 25. Nf6+ Kh8 26. Nd5 Nxd5 27. Qxd5 f6
28. Qe4 fxg5 29. Qxg6 Qf6 30. Qh5+ Qh6 31. Qxh6+ gxh6 32. Bxe5+ Kh7 33. h5 Re8
34. Bd4 Nd7 35. Ra1 Bf8 36. Bd3+ Kg8 37. Bc4+ Kh7 38. Bb5 Re7 39. Ra8 Kg8 40.
Bc4+ Kh7 41. Kg2 g4 42. Rc8 g3 43. f4 b5 44. Bxb5 Kg8 45. Bc4+ Kh7 46. Bb3 1-0

[Event "HUN-POL friendly, women"]
[Site "Budapest"]
[Date "2014.06.12"]
[Round "5.3"]
[White "Gara, Ticia"]
[Black "Majdan Gajewska, Joanna"]
[Result "1-0"]
[WhiteElo "2327"]
[BlackElo "2418"]
[PlyCount "69"]
[EventDate "2014.06.08"]
[EventType "team-schev"]
[EventRounds "6"]
[EventCountry "HUN"]
[WhiteTeam "Hungary"]
[BlackTeam "Poland"]
[WhiteTeamCountry "HUN"]
[BlackTeamCountry "POL"]

1. e4 c5 2. Nf3 e6 3. d4 cxd4 4. Nxd4 a6 5. Bd3 Bc5 6. Nb3 Be7 7. O-O d6 8. Nc3
Nf6 9. f4 Qc7 10. e5 dxe5 11. fxe5 Nfd7 12. Qg4 g6 13. Bh6 Nc6 14. Rae1 Ncxe5
15. Qg3 Rg8 16. Bf4 f6 17. Qh3 Nf8 18. Bxe5 fxe5 19. Qf3 Rg7 20. Ne4 Nd7 21.
Qh3 Nc5 22. Nbxc5 Bxc5+ 23. Kh1 Qe7 24. Nxc5 Qxc5 25. Bxg6+ Kd8 26. Bxh7 Bd7
27. Be4 Kc7 28. Rf3 Bc6 29. Bxc6 bxc6 30. Qxe6 Rd8 31. Rc3 Qb5 32. Rxc6+ Qxc6
33. Qxe5+ Kb6 34. Qxg7 Rd2 35. c4 1-0

[Event "HUN-POL friendly, women"]
[Site "Budapest"]
[Date "2014.06.12"]
[Round "5.4"]
[White "Kulon, Klaudia"]
[Black "Madl, Ildiko"]
[Result "0-1"]
[WhiteElo "2344"]
[BlackElo "2328"]
[PlyCount "110"]
[EventDate "2014.06.08"]
[EventType "team-schev"]
[EventRounds "6"]
[EventCountry "HUN"]
[WhiteTeam "Poland"]
[BlackTeam "Hungary"]
[WhiteTeamCountry "POL"]
[BlackTeamCountry "HUN"]

1. e4 c5 2. Nf3 d6 3. d4 cxd4 4. Nxd4 Nf6 5. Nc3 Nc6 6. Bg5 e6 7. Qd2 a6 8.
O-O-O Be7 9. f4 Nxd4 10. Qxd4 b5 11. Bxf6 gxf6 12. f5 Qc7 13. a4 bxa4 14. Qxa4+
Bd7 15. Bb5 Ra7 16. Bxd7+ Qxd7 17. Qa2 O-O 18. fxe6 fxe6 19. Ne2 Re8 20. Rhf1
Bf8 21. Rxf6 Bg7 22. Rf3 Be5 23. Nd4 a5 24. Ra3 a4 25. g3 Kh8 26. Qc4 Rb8 27.
c3 Rc8 28. Qb4 d5 29. Ra2 Rb8 30. Qc5 Rc8 31. Qb6 Rb8 32. Qc5 Rc8 33. Qb4 Rb8
34. Qa3 Bd6 35. b4 e5 36. Nc2 dxe4 37. c4 Qe6 38. Qc3 Rc7 39. Rxa4 Bf8 40. c5
Qc6 41. Ra5 Bg7 42. Qc4 e3 43. Ra6 Qf3 44. Qd3 e4 45. Qxe3 Bb2+ 46. Kd2 Rd8+
47. Rd6 Rxd6+ 48. cxd6 Qg2+ 49. Qe2 Rxc2+ 50. Kxc2 Qxe2+ 51. Rd2 Qc4+ 52. Kxb2
e3 53. Rc2 Qxb4+ 54. Kc1 Qxd6 55. Re2 Qd3 0-1

[Event "HUN-POL friendly, women"]
[Site "Budapest"]
[Date "2014.06.12"]
[Round "5.5"]
[White "Vajda, Szidonia"]
[Black "Socko, Monika"]
[Result "1/2-1/2"]
[WhiteElo "2352"]
[BlackElo "2463"]
[PlyCount "106"]
[EventDate "2014.06.08"]
[EventType "team-schev"]
[EventRounds "6"]
[EventCountry "HUN"]
[WhiteTeam "Hungary"]
[BlackTeam "Poland"]
[WhiteTeamCountry "HUN"]
[BlackTeamCountry "POL"]

1. e4 g6 2. d4 Bg7 3. Nf3 d6 4. Nc3 a6 5. Be2 Nf6 6. O-O O-O 7. e5 Nfd7 8. Bf4
Nc6 9. exd6 cxd6 10. Nd5 e6 11. Nc3 d5 12. Qd2 Nb6 13. a4 Nc4 14. Bxc4 dxc4 15.
Rfd1 Qa5 16. Bh6 Bd7 17. Bxg7 Kxg7 18. Qe2 Qb4 19. Ne4 Rad8 20. c3 Qb6 21. Nc5
Na5 22. Ne5 Bc8 23. Rd2 Rd5 24. Nxc4 Nxc4 25. Qxc4 Qc6 26. Qe2 Rfd8 27. c4 Rh5
28. Ne4 b6 29. Ng3 Ra5 30. b3 b5 31. Qe5+ f6 32. Qe4 Qd7 33. Re1 bxc4 34. bxc4
Rxa4 35. d5 Qc7 36. Rd4 e5 37. Qc2 Rb4 38. Rh4 Rxd5 39. cxd5 Qxc2 40. Rxb4 Qd2
41. Rbb1 Qxd5 42. Red1 Qa2 43. Rbc1 Be6 44. Ne4 Qa5 45. Rd6 Qb4 46. Rxe6 Qxe4
47. Rxa6 h5 48. h3 g5 49. g3 h4 50. Rc7+ Kg6 51. Rcc6 Qe1+ 52. Kg2 Qe4+ 53. Kg1
Qe1+ 1/2-1/2

[Event "HUN-POL friendly, women"]
[Site "Budapest"]
[Date "2014.06.12"]
[Round "5.6"]
[White "Rudolf, Anna"]
[Black "Szczepkowska Horowska, Karina"]
[Result "1/2-1/2"]
[WhiteElo "2297"]
[BlackElo "2377"]
[PlyCount "209"]
[EventDate "2014.06.08"]
[EventType "team-schev"]
[EventRounds "6"]
[EventCountry "HUN"]
[WhiteTeam "Hungary"]
[BlackTeam "Poland"]
[WhiteTeamCountry "HUN"]
[BlackTeamCountry "POL"]

1. e4 e5 2. Nf3 Nc6 3. Bb5 a6 4. Bxc6 dxc6 5. O-O f6 6. d4 exd4 7. Nxd4 c5 8.
Ne2 Qxd1 9. Rxd1 Bd7 10. Nbc3 O-O-O 11. Be3 b6 12. Rd2 Bc6 13. Rxd8+ Kxd8 14.
Rd1+ Kc8 15. Nf4 Bd6 16. Ncd5 g5 17. Nh5 Bxd5 18. Rxd5 Ne7 19. Rd2 Be5 20. c3
Rf8 21. g3 g4 22. h3 gxh3 23. f4 Bd6 24. Rh2 Ng8 25. Kf2 f5 26. exf5 Nh6 27.
Rxh3 Nxf5 28. g4 Ne7 29. f5 Ng6 30. Bh6 Rf7 31. Bg7 c4 32. Bd4 c5 33. Bf6 Nf4
34. Nxf4 Bxf4 35. Kf3 Bc1 36. Be5 Bxb2 37. Rh6 Kb7 38. Re6 Bc1 39. Bf4 Bb2 40.
f6 Kc8 41. Rxb6 Bxc3 42. g5 Bd4 43. Rxa6 h6 44. Ke4 hxg5 45. Bxg5 Kb7 46. Re6
Bxf6 47. Bxf6 Rd7 48. Be5 Rd2 49. Rh6 Rxa2 50. Kd5 Rd2+ 51. Kxc4 Kc8 52. Rh7
Rd7 53. Rh8+ Rd8 54. Rh6 Rd1 55. Kxc5 Kd7 56. Bd4 Ke7 57. Kd5 Rf1 58. Ra6 Kf7
59. Ra7+ Kg6 60. Rg7+ Kh5 61. Ke4 Re1+ 62. Be3 Ra1 63. Bf4 Ra5 64. Be5 Kh6 65.
Rg2 Ra3 66. Kf5 Rf3+ 67. Ke6 Kh5 68. Bf6 Rf1 69. Kf7 Rf5 70. Ke6 Rf1 71. Rg5+
Kh6 72. Kf7 Rf4 73. Rg6+ Kh5 74. Rg8 Rf5 75. Ke6 Rf2 76. Be5 Rf1 77. Kd5 Rf5
78. Ke4 Rg5 79. Rh8+ Kg6 80. Kf4 Rf5+ 81. Ke4 Rf1 82. Bf4 Re1+ 83. Be3 Re2 84.
Rh6+ Kf7 85. Kf3 Re1 86. Ra6 Ke7 87. Bf4 Kd7 88. Rd6+ Ke7 89. Kg4 Re6 90. Rd1
Rg6+ 91. Kf5 Rf6+ 92. Ke4 Ra6 93. Rh1 Ra4+ 94. Kf5 Kd7 95. Rc1 Ra7 96. Be5 Rb7
97. Rd1+ Kc6 98. Ke6 Rb5 99. Rd8 Kc5 100. Rc8+ Kb4 101. Rc1 Kb3 102. Kd6 Rb6+
103. Kc5 Re6 104. Rc3+ Ka2 105. Bd4 1/2-1/2

[Event "HUN-POL friendly, women"]
[Site "Budapest"]
[Date "2014.06.13"]
[Round "6.1"]
[White "Papp, Petra"]
[Black "Majdan Gajewska, Joanna"]
[Result "0-1"]
[WhiteElo "2296"]
[BlackElo "2418"]
[PlyCount "127"]
[EventDate "2014.06.08"]
[EventType "team-schev"]
[EventRounds "6"]
[EventCountry "HUN"]
[WhiteTeam "Hungary"]
[BlackTeam "Poland"]
[WhiteTeamCountry "HUN"]
[BlackTeamCountry "POL"]

1. e4 d6 2. d4 Nf6 3. Nc3 g6 4. f4 Bg7 5. Nf3 O-O 6. Bd3 Nc6 7. O-O e5 8. fxe5
dxe5 9. d5 Ne7 10. Nxe5 c6 11. Qf3 cxd5 12. exd5 Nfxd5 13. Nxd5 Qxd5 14. Qxd5
Nxd5 15. Be4 Nb4 16. c3 Bxe5 17. cxb4 Be6 18. a3 Bc4 19. Re1 Rfe8 20. Be3 Bxb2
21. Rab1 Rxe4 22. Rxb2 Rae8 23. Kf2 R8e6 24. Rd2 h5 25. g3 b5 26. Rd8+ Kh7 27.
Bd4 g5 28. Rxe4 Rxe4 29. Kf3 Re6 30. h4 Be2+ 31. Kf2 gxh4 32. gxh4 Bg4 33. Kg3
Kg6 34. Kf4 f6 35. Bxa7 Ra6 36. Bc5 Rxa3 37. Rg8+ Kf7 38. Rf8+ Kg7 39. Rb8 Rh3
40. Rb7+ Kg6 41. Bf8 Rf3+ 42. Ke4 f5+ 43. Kd4 Rf4+ 44. Kc3 Be2 45. Be7 Re4 46.
Rb6+ Kh7 47. Bg5 f4 48. Rb7+ Kg6 49. Re7 Rc4+ 50. Kd2 f3 51. Re6+ Kf5 52. Rf6+
Kg4 53. Rg6 Kh3 54. Be7 Rf4 55. Bc5 f2 56. Bxf2 Rxf2 57. Ke3 Rh2 58. Rd6 Kxh4
59. Rd2 Kg3 60. Rd5 h4 61. Rg5+ Bg4 62. Rxb5 h3 63. Rb8 Re2+ 64. Kd4 0-1

[Event "HUN-POL friendly, women"]
[Site "Budapest"]
[Date "2014.06.13"]
[Round "6.2"]
[White "Gara, Anita"]
[Black "Kulon, Klaudia"]
[Result "0-1"]
[WhiteElo "2333"]
[BlackElo "2344"]
[PlyCount "84"]
[EventDate "2014.06.08"]
[EventType "team-schev"]
[EventRounds "6"]
[EventCountry "HUN"]
[WhiteTeam "Hungary"]
[BlackTeam "Poland"]
[WhiteTeamCountry "HUN"]
[BlackTeamCountry "POL"]

1. e4 e5 2. Nf3 Nc6 3. Bb5 a6 4. Ba4 Nf6 5. O-O Be7 6. Re1 b5 7. Bb3 O-O 8. a4
Bb7 9. d3 d6 10. c3 Nb8 11. Nbd2 Nbd7 12. Nf1 Nc5 13. Bc2 Nxa4 14. d4 exd4 15.
Bxa4 bxa4 16. Qxd4 Bc6 17. Ng3 Bb5 18. Bf4 Nd7 19. Nh5 f6 20. Qe3 g6 21. Nd4
gxh5 22. Ne6 Qe8 23. Nxc7 Qf7 24. Nxa8 Rxa8 25. Rad1 Ne5 26. Qb6 Kh8 27. Bxe5
fxe5 28. Re3 Rg8 29. Rg3 h4 30. Rxg8+ Qxg8 31. h3 Be2 32. Rxd6 Bf3 33. g4 hxg3
34. Kf1 gxf2 35. Qxf2 Qg2+ 36. Qxg2 Bxg2+ 37. Kxg2 Bxd6 38. Kf3 a3 39. bxa3
Bxa3 40. Ke3 Bc5+ 41. Kd3 a5 42. Kc4 a4 0-1

[Event "HUN-POL friendly, women"]
[Site "Budapest"]
[Date "2014.06.13"]
[Round "6.3"]
[White "Szczepkowska Horowska, Karina"]
[Black "Gara, Ticia"]
[Result "0-1"]
[WhiteElo "2377"]
[BlackElo "2327"]
[PlyCount "44"]
[EventDate "2014.06.08"]
[EventType "team-schev"]
[EventRounds "6"]
[EventCountry "HUN"]
[WhiteTeam "Poland"]
[BlackTeam "Hungary"]
[WhiteTeamCountry "POL"]
[BlackTeamCountry "HUN"]

1. e4 c5 2. Nc3 Nc6 3. Bb5 Nd4 4. Nf3 g6 5. Bc4 Bg7 6. Nxd4 cxd4 7. Qf3 Nh6 8.
Ne2 O-O 9. d3 Ng4 10. Qg3 Nf6 11. Nxd4 d5 12. exd5 Nxd5 13. Bxd5 Qxd5 14. Ne2
b5 15. O-O Bb7 16. c3 e5 17. f4 Rad8 18. d4 exd4 19. Nxd4 Bxd4+ 20. cxd4 Rfe8
21. Qf2 Qxd4 22. f5 Re2 0-1

[Event "HUN-POL friendly, women"]
[Site "Budapest"]
[Date "2014.06.13"]
[Round "6.4"]
[White "Madl, Ildiko"]
[Black "Bartel, Marta"]
[Result "1/2-1/2"]
[WhiteElo "2328"]
[BlackElo "2312"]
[PlyCount "47"]
[EventDate "2014.06.08"]
[EventType "team-schev"]
[EventRounds "6"]
[EventCountry "HUN"]
[WhiteTeam "Hungary"]
[BlackTeam "Poland"]
[WhiteTeamCountry "HUN"]
[BlackTeamCountry "POL"]

1. e4 c5 2. Nf3 d6 3. Bb5+ Nd7 4. d4 cxd4 5. Qxd4 a6 6. Bxd7+ Bxd7 7. Nc3 e5 8.
Qd3 h6 9. Nd2 Nf6 10. Nc4 Be6 11. Ne3 Rc8 12. a4 Be7 13. O-O O-O 14. a5 Re8 15.
Bd2 Bf8 16. Rfc1 Re7 17. Ncd5 Nxd5 18. Nxd5 Re8 19. c4 g6 20. Ne3 Qd7 21. Nd5
Qd8 22. Ne3 Qd7 23. Nd5 Qd8 24. Ne3 1/2-1/2

[Event "HUN-POL friendly, women"]
[Site "Budapest"]
[Date "2014.06.13"]
[Round "6.5"]
[White "Rajlich, Iweta"]
[Black "Vajda, Szidonia"]
[Result "1/2-1/2"]
[WhiteElo "2398"]
[BlackElo "2352"]
[PlyCount "134"]
[EventDate "2014.06.08"]
[EventType "team-schev"]
[EventRounds "6"]
[EventCountry "HUN"]
[WhiteTeam "Poland"]
[BlackTeam "Hungary"]
[WhiteTeamCountry "POL"]
[BlackTeamCountry "HUN"]

1. d4 Nf6 2. Nf3 g6 3. Bg5 Bg7 4. e3 O-O 5. Nbd2 d5 6. Be2 b6 7. O-O c5 8. c3
Ba6 9. b4 Bxe2 10. Qxe2 Nbd7 11. Rab1 h6 12. Bxf6 Bxf6 13. bxc5 bxc5 14. Rb5
Qc7 15. Rfb1 Rab8 16. h4 h5 17. e4 cxd4 18. cxd4 dxe4 19. Nxe4 Rxb5 20. Qxb5
Bg7 21. Qb7 Rc8 22. Qxc7 Rxc7 23. Rb5 e6 24. Ra5 Nb6 25. g3 Nd5 26. Kf1 Nc3 27.
Nxc3 Rxc3 28. Ke2 Rc7 29. Kd3 Kf8 30. Rb5 Ke7 31. a4 Kd6 32. Nd2 Kc6 33. f4 Rd7
34. Nf3 Bf6 35. Rc5+ Kb6 36. Rb5+ Kc6 37. Kc4 a6 38. Rb8 Kc7 39. Rf8 Kb6 40.
Ra8 Ka5 41. Kd3 Kxa4 42. Rxa6+ Kb5 43. Ra8 Kc6 44. Ne5+ Bxe5 45. fxe5 Rb7 46.
Rf8 Rb3+ 47. Ke4 Rb7 48. Kd3 Rb3+ 49. Ke4 Rxg3 50. Rxf7 Rg4+ 51. Kd3 g5 52.
hxg5 Rxg5 53. Kc4 Rg1 54. Re7 Rg6 55. Rh7 Rg1 56. Rh8 Rc1+ 57. Kd3 Rd1+ 58. Ke3
Re1+ 59. Kf4 Rf1+ 60. Ke4 Re1+ 61. Kf3 Kd5 62. Rd8+ Kc4 63. Rd6 h4 64. Kg4 Re4+
65. Kg5 h3 66. Rxe6 Kxd4 67. Rh6 Rxe5+ 1/2-1/2

[Event "HUN-POL friendly, women"]
[Site "Budapest"]
[Date "2014.06.13"]
[Round "6.6"]
[White "Socko, Monika"]
[Black "Rudolf, Anna"]
[Result "1/2-1/2"]
[WhiteElo "2463"]
[BlackElo "2297"]
[PlyCount "103"]
[EventDate "2014.06.08"]
[EventType "team-schev"]
[EventRounds "6"]
[EventCountry "HUN"]
[WhiteTeam "Poland"]
[BlackTeam "Hungary"]
[WhiteTeamCountry "POL"]
[BlackTeamCountry "HUN"]

1. e4 e6 2. d4 d5 3. e5 c5 4. c3 Nc6 5. Nf3 Bd7 6. Be2 Nge7 7. O-O Nf5 8. Bd3
cxd4 9. Bxf5 exf5 10. cxd4 Be7 11. Nc3 Be6 12. Be3 g5 13. Qb3 f4 14. Bd2 Qd7
15. Nb5 O-O-O 16. Rfc1 Kb8 17. Nd6 Bxd6 18. exd6 f6 19. Rc5 Qxd6 20. Rac1 Rc8
21. Qd3 Qd7 22. b4 Bf5 23. Qb3 Be4 24. b5 Ne7 25. b6 axb6 26. Qxb6 Rc6 27. Qb3
Rxc5 28. dxc5 Nc6 29. Rd1 d4 30. Bc1 Rd8 31. Ne1 d3 32. Bb2 Nd4 33. Bxd4 Qxd4
34. c6 Qa7 35. Qf7 Bxc6 36. Qxf6 Qa5 37. h4 d2 38. Nf3 Bxf3 39. gxf3 Rd5 40.
Kg2 Qa4 41. Qe6 Qd4 42. h5 Rc5 43. Qg8+ Ka7 44. Qf8 Rc3 45. Qf5 Ra3 46. Rxd2
Qxd2 47. Qc5+ Kb8 48. Qxa3 Qd5 49. h6 Qf5 50. Qd6+ Ka7 51. Qd4+ Ka6 52. Qc4+
1/2-1/2